[Event "Kieler Open 2016-A"]
[Site "Kiel"]
[Date "2016.08.04"]
[Round "8.14"]
[White "Möller, Dustin"]
[Black "Beeck, Mats"]
[Result "1/2-1/2"]
[WhiteElo "1985"]
[BlackElo "2196"]
[PlyCount "39"]

1. d4 Nf6 2. c4 g6 3. f3 Bg7 4. e4 d6 5. Nc3 O-O 6. Bg5 c6 7. Qd2 a6 8. Nge2 b5
9. Ng3 Nbd7 10. d5 b4 11. Nd1 Rb8 12. Be2 cxd5 13. cxd5 Nc5 14. O-O Bd7 15. Bh6
Qb6 16. Kh1 Rfc8 17. Bxg7 Kxg7 18. Ne3 h5 19. Nc4 Qa7 20. Qg5 1/2-1/2

[Event "Kieler Open 2016-A"]
[Site "Kiel"]
[Date "2016.08.04"]
[Round "8.15"]
[White "De Vries, Joel"]
[Black "Kaulich, Philipp Theodor"]
[Result "0-1"]
[WhiteElo "2086"]
[BlackElo "2148"]
[PlyCount "44"]

1. e4 c5 2. Nf3 g6 3. c4 Nc6 4. Nc3 e5 5. d3 Bg7 6. g3 Nge7 7. Bg2 O-O 8. Bg5
f6 9. Be3 d6 10. Qd2 Nd4 11. h4 f5 12. Bg5 Qe8 13. Nxd4 exd4 14. Ne2 Nc6 15.
Bh6 Bxh6 16. Qxh6 Ne5 17. O-O-O Ng4 18. Qg5 Nxf2 19. h5 Qd8 20. Qh6 g5 21. exf5
Ng4 22. Bd5+ Kh8 0-1

[Event "Kieler Open 2016-A"]
[Site "Kiel"]
[Date "2016.08.04"]
[Round "8.16"]
[White "Grote, Dirk"]
[Black "Quiring, Nikolai"]
[Result "1-0"]
[WhiteElo "2139"]
[BlackElo "2026"]
[PlyCount "53"]

1. d4 e6 2. c4 b6 3. a3 f5 4. Nc3 Nf6 5. d5 Bd6 6. g3 Bb7 7. Bg2 O-O 8. Nh3 e5
9. Qc2 g6 10. O-O a5 11. Bg5 Be7 12. d6 cxd6 13. Bxb7 Ra7 14. Bg2 Rc7 15. Nb5
Rc8 16. Rfd1 Nc6 17. e3 e4 18. Nxd6 Rc7 19. Qb3 Kg7 20. Qxb6 h6 21. Bxf6+ Bxf6
22. Nf4 Qb8 23. Qxb8 Nxb8 24. Nd5 Rc6 25. Nxf6 Kxf6 26. b4 Ke6 27. c5 1-0

[Event "Kieler Open 2016-A"]
[Site "Kiel"]
[Date "2016.08.04"]
[Round "8.17"]
[White "Petri, Alexander"]
[Black "Dittrich, Gunnar"]
[Result "1/2-1/2"]
[WhiteElo "2139"]
[BlackElo "1950"]
[PlyCount "95"]

1. Nf3 d5 2. g3 c5 3. Bg2 Nc6 4. O-O Nf6 5. d3 Bg4 6. Nbd2 e5 7. e4 d4 8. a4
Bd6 9. Nc4 Bc7 10. h3 Bh5 11. Bd2 h6 12. g4 Bg6 13. Nh4 Nxe4 14. Nxg6 Nxd2 15.
Nxh8 Nxf1 16. Bxc6+ bxc6 17. Qf3 Qf6 18. Qxf6 gxf6 19. Kxf1 Ke7 20. Nxf7 Kxf7
21. Ke2 h5 22. gxh5 Rh8 23. Ra3 Rb8 24. Kf3 f5 25. Ra1 Rh8 26. Re1 Kf6 27. Rg1
Rxh5 28. Rg8 Rxh3+ 29. Kg2 Rh7 30. Ra8 e4 31. Rxa7 e3 32. fxe3 dxe3 33. Nxe3
Rh2+ 34. Kf3 Rh3+ 35. Ke2 Rh2+ 36. Kf3 Rh3+ 37. Ke2 Rh2+ 38. Kf1 Rh1+ 39. Kf2
Rh2+ 40. Ng2 Be5 41. c3 Rh3 42. Ra6 Kg5 43. Rxc6 Bg3+ 44. Kf3 Bh4+ 45. Ke2 Rh2
46. Kf1 Rh1+ 47. Ke2 Rh2 48. Kf3 1/2-1/2

[Event "Kieler Open 2016-A"]
[Site "Kiel"]
[Date "2016.08.04"]
[Round "8.18"]
[White "Haffner, Alexander"]
[Black "Christensen, Andreas"]
[Result "1-0"]
[WhiteElo "2118"]
[BlackElo "1773"]
[PlyCount "79"]

1. d4 Nf6 2. c4 g6 3. Nc3 Bg7 4. e4 d6 5. Nf3 O-O 6. Be2 e5 7. d5 a5 8. O-O Na6
9. Ne1 Nc5 10. f3 Nfd7 11. Be3 f5 12. Nd3 b6 13. a3 f4 14. Nxc5 Nxc5 15. Bf2 g5
16. Rb1 Bd7 17. b4 axb4 18. axb4 Na4 19. Nxa4 Bxa4 20. Qd2 Bd7 21. c5 Rb8 22.
cxb6 cxb6 23. Ra1 Be8 24. Ra7 Rf7 25. Rfa1 Rc7 26. h3 Qc8 27. Rxc7 Qxc7 28. Rc1
Qb7 29. Qc3 Bd7 30. Qc7 Bf8 31. Ba6 Qxc7 32. Rxc7 Be8 33. Bb7 b5 34. Bc6 Bxc6
35. dxc6 d5 36. exd5 Bxb4 37. Rb7 Ra8 38. Rxb5 Ra1+ 39. Kh2 Bd6 40. Bc5 1-0

[Event "Kieler Open 2016-A"]
[Site "Kiel"]
[Date "2016.08.04"]
[Round "8.19"]
[White "Benzen, Marthe"]
[Black "Light, Bjarne"]
[Result "1/2-1/2"]
[WhiteElo "2043"]
[BlackElo "2205"]
[PlyCount "142"]

1. e4 b6 2. Nc3 Bb7 3. d4 e6 4. Bd3 Nf6 5. Nge2 c5 6. O-O d5 7. Bb5+ Nc6 8. Bg5
dxe4 9. Nxe4 a6 10. Bxc6+ Bxc6 11. Nxf6+ gxf6 12. Be3 c4 13. Nf4 h5 14. d5 Bd7
15. dxe6 fxe6 16. Ng6 Rh7 17. Nxf8 Kxf8 18. Qd6+ Kg8 19. Bxb6 Qe8 20. Rae1 Rc8
21. Qf4 Qf7 22. Re3 h4 23. Rf3 Bc6 24. Rh3 Qg6 25. g3 Kf7 26. Rxh4 Rxh4 27.
Qxh4 Bd5 28. Bd4 e5 29. Bc3 Bf3 30. Re1 Qxc2 31. Qh6 Rd8 32. Qe3 Qf5 33. Bb4
Rh8 34. Qc3 Kg6 35. Re3 e4 36. h4 Rd8 37. Kh2 Bg4 38. Kg1 Rd3 39. Rxd3 cxd3 40.
Be7 Qe6 41. Bc5 Qxa2 42. Be3 Qa1+ 43. Bc1 Qa4 44. Qd2 Kf7 45. Kh2 Bf3 46. Qh6
Qd7 47. Bd2 Qf5 48. Be3 Be2 49. Qf4 Qxf4 50. Bxf4 f5 51. Kg2 Ke6 52. h5 Bxh5
53. Kf1 Kd5 54. Ke1 Kc4 55. Kd2 Kb3 56. Be5 a5 57. Bc3 a4 58. Be5 Kc4 59. Bf6
Kd5 60. Bc3 Ke6 61. Bd4 Kf7 62. Be3 Kg6 63. Kc3 Bd1 64. Kd2 Bc2 65. Bf4 Kh5 66.
Be5 Kg4 67. Bf4 Kf3 68. Be3 Bb3 69. Ke1 Kg2 70. Kd2 Kf1 71. Bd4 Kg2 1/2-1/2

[Event "Kieler Open 2016-A"]
[Site "Kiel"]
[Date "2016.08.04"]
[Round "8.20"]
[White "Gottuk, Stefan"]
[Black "Deutschbein, Christopher"]
[Result "1-0"]
[WhiteElo "2203"]
[BlackElo "2006"]
[PlyCount "57"]

1. d4 d5 2. Nc3 Nf6 3. Bf4 e6 4. Qd3 Be7 5. e4 Nxe4 6. Nxe4 dxe4 7. Qxe4 Nd7 8.
c3 Nf6 9. Qc2 c6 10. Bd3 b5 11. Nf3 Bb7 12. Qb3 Qb6 13. O-O O-O 14. Rad1 Rac8
15. Ne5 Rfd8 16. Rfe1 Nd5 17. Bc1 a6 18. Bb1 c5 19. c4 bxc4 20. Qh3 Nf6 21.
Nxc4 Qc7 22. dxc5 Qxc5 23. b3 Rxd1 24. Rxd1 Rd8 25. Re1 Qb4 26. Rf1 Be4 27.
Bxe4 Nxe4 28. Qf3 Nf6 29. Ba3 1-0

[Event "Kieler Open 2016-A"]
[Site "Kiel"]
[Date "2016.08.04"]
[Round "8.21"]
[White "Voelzke, Ferdinand"]
[Black "Busse, Tom Niklas"]
[Result "1/2-1/2"]
[WhiteElo "2159"]
[BlackElo "1997"]
[PlyCount "98"]

1. Nf3 e6 2. g3 b6 3. Bg2 Bb7 4. O-O g6 5. c4 Bg7 6. d4 Ne7 7. Nc3 d6 8. e4 Nd7
9. Be3 O-O 10. Qd2 Re8 11. Rad1 f5 12. Qc2 Qc8 13. Rfe1 h6 14. Bc1 Nf6 15. exf5
Nxf5 16. b3 Nd7 17. g4 Bxf3 18. Bxf3 Nh4 19. Bh1 e5 20. h3 exd4 21. Nd5 Ne5 22.
Kf1 c6 23. f4 cxd5 24. fxe5 Rf8+ 25. Ke2 dxe5 26. Bxd5+ Kh8 27. Rf1 e4 28. Bxe4
Qe6 29. Kd3 Rae8 30. Qe2 Qd6 31. Rxf8+ Rxf8 32. Kc2 Qg3 33. Rd3 Qe5 34. Rd1 Qg3
35. Rd3 Rf2 36. Rxg3 Rxe2+ 37. Kd3 Rxa2 38. Bd2 Be5 39. Rg1 Rb2 40. b4 Rb3+ 41.
Ke2 Rxh3 42. c5 bxc5 43. bxc5 d3+ 44. Kd1 Nf3 45. Rf1 Nxd2 46. Kxd2 Kg7 47. c6
Bc7 48. Bxd3 Rg3 49. Bc4 Rxg4 1/2-1/2

[Event "Kieler Open 2016-A"]
[Site "Kiel"]
[Date "2016.08.04"]
[Round "8.22"]
[White "Van den Boogaart, Jan Marten"]
[Black "Ijzermans, Gijs"]
[Result "0-1"]
[WhiteElo "1988"]
[BlackElo "2106"]
[PlyCount "70"]

1. e4 e5 2. Nf3 Nf6 3. Nxe5 d6 4. Nf3 Nxe4 5. d4 d5 6. Bd3 Nc6 7. O-O Be7 8. c4
Nb4 9. Be2 O-O 10. Nc3 Nxc3 11. bxc3 Nc6 12. Bf4 Bf5 13. cxd5 Qxd5 14. Bxc7
Rac8 15. Bf4 Na5 16. Qd2 Nc4 17. Bxc4 Qxc4 18. Rfe1 Bf6 19. Rac1 Be6 20. Re2
Bd5 21. Ne5 Bxe5 22. Bxe5 Rc6 23. Re3 f6 24. Bf4 Ra6 25. Qe2 Qc8 26. c4 b5 27.
c5 Rxa2 28. Qxb5 Qg4 29. Bg3 Qxd4 30. h3 Rb2 31. Qa5 Rc8 32. Qxa7 Bb7 33. Qa5
Qd5 34. f3 Ra8 35. Qc7 Qd2 0-1

[Event "Kieler Open 2016-A"]
[Site "Kiel"]
[Date "2016.08.04"]
[Round "8.23"]
[White "Schmidt, Peter"]
[Black "Schoonackers, Jeroen"]
[Result "1/2-1/2"]
[WhiteElo "1971"]
[BlackElo "2055"]
[PlyCount "47"]

1. e4 e5 2. Nf3 Nc6 3. Bc4 Bc5 4. O-O Nf6 5. d4 Bxd4 6. Nxd4 Nxd4 7. f4 d6 8.
fxe5 dxe5 9. Bg5 Be6 10. Nd2 Qe7 11. c3 Bxc4 12. Nxc4 Ne6 13. Bxf6 gxf6 14.
Qa4+ c6 15. Kh1 O-O 16. Qd1 Rad8 17. Qg4+ Kh8 18. Ne3 Rg8 19. Qh4 Rg6 20. Nf5
Qf8 21. Rf3 Ng5 22. Rf2 Qc5 23. Re2 Ne6 24. Qe1 1/2-1/2

[Event "Kieler Open 2016-A"]
[Site "Kiel"]
[Date "2016.08.04"]
[Round "8.24"]
[White "Rieper, Julian"]
[Black "Papesch, Dennis"]
[Result "1-0"]
[WhiteElo "1999"]
[BlackElo "1852"]
[PlyCount "91"]

1. e4 c6 2. d4 d5 3. exd5 cxd5 4. c4 Nc6 5. Nc3 Nf6 6. cxd5 Nxd5 7. Bc4 e6 8.
Nf3 Bb4 9. Bd2 O-O 10. O-O Nb6 11. Bd3 f5 12. Bg5 Be7 13. Bxe7 Nxe7 14. Qb3
Ned5 15. Rfe1 Rf6 16. Rac1 Nxc3 17. bxc3 Bd7 18. Ne5 Ba4 19. Qb4 Qf8 20. Qb2
Rc8 21. c4 Bc6 22. Nxc6 bxc6 23. Re5 c5 24. d5 exd5 25. cxd5 c4 26. Be2 Qd6 27.
Bf3 Rc5 28. Qe2 Rc7 29. h4 Rff7 30. Re6 Qd7 31. d6 Rc8 32. Qe5 Rcf8 33. Bd5 Qb5
34. Bxc4 Qxe5 35. Rxe5 Nxc4 36. Rxc4 Rd7 37. Rc7 Rxd6 38. Ree7 Rg6 39. Rxa7 Rd8
40. Kf1 h6 41. g3 f4 42. gxf4 Rf8 43. h5 Rg4 44. f3 Rfxf4 45. Re8+ Kh7 46. Raa8
1-0

[Event "Kieler Open 2016-A"]
[Site "Kiel"]
[Date "2016.08.04"]
[Round "8.25"]
[White "Neuendorf, Max"]
[Black "Nonnenmacher, Thomas"]
[Result "1-0"]
[WhiteElo "1874"]
[BlackElo "2146"]
[PlyCount "127"]

1. e4 Nf6 2. e5 Nd5 3. d4 d6 4. c4 Nb6 5. exd6 cxd6 6. Nc3 g6 7. Be3 Bg7 8. Rc1
Nc6 9. b3 O-O 10. d5 Ne5 11. Be2 f5 12. f4 Nf7 13. Nf3 Nd7 14. O-O Nf6 15. Nb5
Ng4 16. Bd4 e5 17. dxe6 Bxe6 18. Bxg7 Kxg7 19. Qd4+ Qf6 20. Qxf6+ Kxf6 21. Ng5
Nxg5 22. fxg5+ Ke7 23. Bxg4 fxg4 24. Rfe1 Kd7 25. Rcd1 d5 26. Rxe6 Kxe6 27.
Nc7+ Kd6 28. Nxa8 Rxa8 29. Rxd5+ Ke6 30. Kf2 Rf8+ 31. Kg3 Rf1 32. Ra5 a6 33.
Kxg4 Rd1 34. h4 Rd2 35. g3 Rh2 36. Rc5 Kd7 37. Rd5+ Ke7 38. a4 Rf2 39. Rd3 Rf1
40. Re3+ Kd6 41. Rf3 Rxf3 42. Kxf3 Kc5 43. Ke4 Kb4 44. h5 a5 45. hxg6 hxg6 46.
Ke5 Kxb3 47. Kf6 Kxa4 48. Kxg6 Kb4 49. Kh7 a4 50. g6 a3 51. g7 a2 52. g8=Q a1=Q
53. Qd5 Qa7 54. Qb5+ Kc3 55. g4 Qd4 56. g5 Qe4+ 57. Kg7 Qe7+ 58. Kg8 Qe6+ 59.
Kf8 b6 60. Qd5 Qc8+ 61. Kg7 Qxc4 62. Qxc4+ Kxc4 63. Kh6 b5 64. g6 1-0

[Event "Kieler Open 2016-A"]
[Site "Kiel"]
[Date "2016.08.04"]
[Round "8.26"]
[White "Berger, Joachim"]
[Black "Frost, Peter"]
[Result "1/2-1/2"]
[WhiteElo "2022"]
[BlackElo "1907"]
[PlyCount "58"]

1. d4 Nf6 2. Nf3 e6 3. e3 b6 4. Bd3 Bb7 5. O-O c5 6. b3 Be7 7. Bb2 O-O 8. Qe2
d5 9. Ne5 Nc6 10. a3 cxd4 11. exd4 Rc8 12. Nd2 Qc7 13. Rac1 Rfe8 14. f4 Bd6 15.
g4 Qe7 16. g5 Bxe5 17. dxe5 Nd7 18. Rf3 Qc5+ 19. Kh1 g6 20. Rg3 Ne7 21. h4 Nf5
22. Bxf5 exf5 23. Kh2 Nf8 24. Rc3 Qe7 25. Rxc8 Rxc8 26. Nf3 Ne6 27. Qe3 Qc5 28.
Nd4 Kf8 29. Kg3 Ke8 1/2-1/2

[Event "Kieler Open 2016-A"]
[Site "Kiel"]
[Date "2016.08.04"]
[Round "8.27"]
[White "Mock, Markus"]
[Black "Richter, Rüdiger"]
[Result "0-1"]
[WhiteElo "2002"]
[BlackElo "1905"]
[PlyCount "82"]

1. e4 c5 2. Nc3 Nc6 3. g3 g6 4. Bg2 Bg7 5. d3 d6 6. Be3 e5 7. f4 Nge7 8. fxe5
Nxe5 9. h3 N7c6 10. Qd2 O-O 11. O-O-O Qa5 12. Nge2 b5 13. Kb1 Rb8 14. Nd5 b4
15. Bh6 Rb6 16. Nxb6 axb6 17. Bxg7 Be6 18. c4 Kxg7 19. b3 Ra8 20. Qb2 b5 21.
Rhf1 bxc4 22. dxc4 Kg8 23. Rf2 Bxc4 24. Nc1 Be6 25. Bf1 c4 26. bxc4 Bxc4 27.
Nb3 Qa7 28. Rc2 Qa6 29. Rcc1 Bxf1 30. Rxf1 Nd3 31. Qe2 Nxc1 32. Qxa6 Rxa6 33.
Rxc1 Ne5 34. Rc8+ Kg7 35. Rb8 Nc6 36. Rc8 Kf6 37. Kb2 Ne5 38. Nd4 Ra3 39. Nb3
Nd3+ 40. Kb1 Nc5 41. Kb2 Na4+ 0-1

[Event "Kieler Open 2016-A"]
[Site "Kiel"]
[Date "2016.08.04"]
[Round "8.28"]
[White "Rosenburg, Thies"]
[Black "Arndt, Magnus"]
[Result "0-1"]
[WhiteElo "1728"]
[BlackElo "1870"]
[PlyCount "42"]

1. c4 Nf6 2. Nf3 e6 3. d4 b6 4. g3 Ba6 5. b3 Bb4+ 6. Bd2 Bxd2+ 7. Nbxd2 d5 8.
Bg2 O-O 9. O-O c5 10. cxd5 exd5 11. Rc1 Nbd7 12. Re1 Qc7 13. Nf1 Rac8 14. Ne3
Bb7 15. Qd3 g6 16. Nd2 Qc6 17. dxc5 bxc5 18. Nf3 Ne4 19. Red1 Ndf6 20. Bh3 Rfe8
21. Qc2 Nxf2 0-1

[Event "Kieler Open 2016-A"]
[Site "Kiel"]
[Date "2016.08.04"]
[Round "8.29"]
[White "Thieme, Daniel Otis"]
[Black "Parvanyan, Alfred"]
[Result "1/2-1/2"]
[WhiteElo "1878"]
[BlackElo "1943"]
[PlyCount "89"]

1. e4 d6 2. d4 Nf6 3. Nc3 g6 4. f3 Bg7 5. Be3 c6 6. Qd2 b5 7. a3 a6 8. h4 h5 9.
Bd3 Nbd7 10. Nh3 e5 11. Ng5 O-O 12. O-O-O Bb7 13. Be2 a5 14. dxe5 dxe5 15. g4
Qe7 16. gxh5 b4 17. Nb1 gxh5 18. Bc4 Ba6 19. Bxa6 Rxa6 20. Rdg1 bxa3 21. Nxa3
Qb4 22. Qg2 Ne8 23. Rh3 c5 24. Rg3 Rg6 25. Nh3 Qb6 26. Qd2 Qe6 27. Ng5 Qc6 28.
Qxa5 f6 29. Nh3 Rxg3 30. Rxg3 f5 31. exf5 Rxf5 32. Ng5 e4 33. Nxe4 Ne5 34. Ng5
Nxf3 35. Rxf3 Rxf3 36. Nxf3 Qxf3 37. Qe1 Qe4 38. Bd2 Qxe1+ 39. Bxe1 Nd6 40. c4
Kf7 41. b3 Ke6 42. Nb5 Ne4 43. Kc2 Be5 44. Kd3 Kf5 45. Ke3 1/2-1/2

[Event "Kieler Open 2016-A"]
[Site "Kiel"]
[Date "2016.08.04"]
[Round "8.30"]
[White "Keyser, Philipp"]
[Black "Topalov, Mihail"]
[Result "1/2-1/2"]
[WhiteElo "1865"]
[BlackElo "1927"]
[PlyCount "120"]

1. e4 c5 2. Nf3 e6 3. d4 cxd4 4. Nxd4 a6 5. Bd3 Nf6 6. O-O Qc7 7. Qe2 d6 8. c4
Nbd7 9. f4 b6 10. Nc3 Bb7 11. Kh1 Be7 12. Bd2 Nc5 13. Rae1 Nxd3 14. Qxd3 Nd7
15. b3 Rc8 16. Qg3 Bf6 17. Nf3 O-O 18. e5 Be7 19. f5 dxe5 20. Nxe5 Nxe5 21. f6
Bxf6 22. Rxf6 Ng6 23. Qxc7 Rxc7 24. Rf2 Rd7 25. Na4 Rfd8 26. Be3 b5 27. Nc5 Rd1
28. Rff1 Rxe1 29. Rxe1 Bc6 30. Nxa6 bxc4 31. bxc4 Nh4 32. Bg5 Nxg2 33. Bxd8
Nxe1+ 34. Kg1 Kf8 35. Nb4 Bb7 36. a4 Ke8 37. Bb6 Nf3+ 38. Kf2 Ne5 39. Bd4 Nxc4
40. Bxg7 Kd7 41. Bf8 Kc7 42. Bc5 Bc6 43. Nxc6 Kxc6 44. Bb4 Nb2 45. Kf3 Nxa4 46.
Kf4 Kd5 47. Kg5 f5 48. Kh6 f4 49. Kxh7 Ke4 50. Kg6 Nb6 51. h4 Nd5 52. Be1 e5
53. h5 Ne7+ 54. Kg5 Ng8 55. h6 Nxh6 56. Kxh6 f3 57. Kg5 Ke3 58. Kf5 e4 59. Bg3
Kd4 60. Kg4 Kd3 1/2-1/2

[Event "Kieler Open 2016-A"]
[Site "Kiel"]
[Date "2016.08.04"]
[Round "8.31"]
[White "Karlisch, Moritz"]
[Black "Apitzsch, Leon Fabian"]
[Result "0-1"]
[WhiteElo "1823"]
[BlackElo "1841"]
[PlyCount "128"]

1. d4 Nf6 2. c4 e6 3. Nc3 d5 4. cxd5 exd5 5. Bg5 Be7 6. e3 O-O 7. Bd3 Re8 8.
Nf3 Nbd7 9. O-O Nf8 10. b4 Bxb4 11. Bxf6 gxf6 12. Nxd5 Qxd5 13. Qa4 Bg4 14.
Qxb4 Bxf3 15. gxf3 Qxf3 16. Qc4 Qg4+ 17. Kh1 Qf3+ 18. Kg1 Ne6 19. Be2 Qf5 20.
Qd3 Qxd3 21. Bxd3 Rad8 22. Be4 c6 23. Bf3 f5 24. Rab1 Re7 25. Rb3 f4 26. Rfb1
Ng5 27. Bg4 fxe3 28. fxe3 Rb8 29. Rc1 Rbe8 30. h4 Ne4 31. Rc2 Nd6 32. Kf2 Re4
33. Kf3 f5 34. Bh5 Rf8 35. Kg3 f4+ 36. exf4 Rfxf4 37. d5 Nf5+ 38. Kg2 Ne3+ 39.
Rxe3 Rxe3 40. dxc6 bxc6 41. Rxc6 Ra3 42. Be2 Rxh4 43. Bc4+ Kg7 44. Bb3 a5 45.
Kg3 Rb4 46. Kf2 h5 47. Re6 h4 48. Kg2 Rbxb3 49. axb3 Rxb3 50. Ra6 Ra3 51. Kg1
Ra2 52. Kh1 a4 53. Kg1 h3 54. Kh1 a3 55. Kg1 Kf7 56. Kh1 Ke7 57. Kg1 Kd7 58.
Kh1 Kc7 59. Kg1 Kb7 60. Ra4 Kb6 61. Kh1 Kb5 62. Ra8 Kb4 63. Kg1 Rc2 64. Kh1 Rc5
0-1

[Event "Kieler Open 2016-A"]
[Site "Kiel"]
[Date "2016.08.04"]
[Round "8.32"]
[White "Priemer, Siegfried"]
[Black "Hagenlüke, Thomas"]
[Result "0-1"]
[WhiteElo "1883"]
[BlackElo "2010"]
[PlyCount "87"]

1. d4 d5 2. c4 e6 3. Nc3 Nf6 4. Bg5 Bb4 5. e3 h6 6. Bxf6 Qxf6 7. a3 Bxc3+ 8.
bxc3 c5 9. Nf3 Nd7 10. Bd3 dxc4 11. Bxc4 O-O 12. O-O Rb8 13. a4 b6 14. Qe2 Bb7
15. Nd2 Qe7 16. e4 Rfd8 17. f3 Nf8 18. Nb3 cxd4 19. cxd4 Rbc8 20. Qd3 Qb4 21.
Nd2 Rc7 22. Rfb1 Qd6 23. Nb3 Rdc8 24. Nd2 Rd8 25. Nb3 Ng6 26. g3 Ne5 27. dxe5
Qxd3 28. Bxd3 Rxd3 29. Kg2 Rc2+ 30. Kh3 Rc7 31. Kg4 h5+ 32. Kf4 Rcc3 33. Nc1
Rxf3+ 34. Kg5 Bxe4 35. Ne2 Rf5+ 36. Kh4 Rc4 37. Rc1 Rxc1 38. Rxc1 Rxe5 39. Nf4
g5+ 40. Kxh5 gxf4+ 41. Kh6 Rc5 42. Re1 Bg6 43. g4 f3 44. Rf1 0-1

[Event "Kieler Open 2016-A"]
[Site "Kiel"]
[Date "2016.08.04"]
[Round "8.33"]
[White "Wanner, Lukas"]
[Black "Wenske, Hardy"]
[Result "1-0"]
[WhiteElo "2001"]
[BlackElo "1823"]
[PlyCount "79"]

1. e4 c6 2. d4 d5 3. f3 e6 4. Bf4 Qb6 5. b3 Bb4+ 6. c3 Be7 7. Bd3 Qd8 8. Ne2
Bg5 9. O-O Bxf4 10. Nxf4 Ne7 11. Nd2 Nd7 12. Qe1 Ng6 13. Ne2 O-O 14. e5 f5 15.
exf6 Rxf6 16. f4 Ndf8 17. g4 a5 18. h4 Qc7 19. Qg3 b6 20. h5 Ne7 21. Nf3 Ba6
22. c4 b5 23. Ne5 Nd7 24. g5 Rff8 25. Qh3 Nf5 26. Bxf5 exf5 27. c5 b4 28. Rfe1
Nxe5 29. dxe5 Bxe2 30. Rxe2 Qe7 31. Qe3 Qe6 32. g6 h6 33. a3 Rfb8 34. Rea2 bxa3
35. Rxa3 Rb5 36. Qc3 d4 37. Qxd4 Rxb3 38. Rxa5 Rab8 39. Ra8 Qe7 40. Qc4+ 1-0

[Event "Kieler Open 2016-A"]
[Site "Kiel"]
[Date "2016.08.04"]
[Round "8.34"]
[White "Rudolph, Jens-Erik"]
[Black "Saß, Patrick"]
[Result "1-0"]
[WhiteElo "1939"]
[BlackElo "1841"]
[PlyCount "87"]

1. e4 c5 2. b4 cxb4 3. a3 e6 4. axb4 Bxb4 5. Bb2 Nf6 6. e5 Nd5 7. c4 Nb6 8. Qg4
O-O 9. Bd3 Nc6 10. Nf3 Be7 11. h4 f5 12. exf6 Bxf6 13. Bxh7+ Kf7 14. Nc3 Rh8
15. Ng5+ Kf8 16. Ba3+ d6 17. Qh5 Bxg5 18. hxg5 Nxc4 19. Rh4 N6e5 20. Rf4+ Ke7
21. Kf1 Nxa3 22. Rxa3 Qe8 23. g6 Kd8 24. Rd4 Bd7 25. Rxd6 Nc6 26. Nb5 a6 27.
Qc5 Rc8 28. Qb6+ Ke7 29. Nc7 Qd8 30. Qc5 Qxc7 31. Rxc6+ Kd8 32. Rxc7 Rxc7 33.
Qb6 Bb5+ 34. Kg1 Kd7 35. Rc3 Rhc8 36. Rxc7+ Rxc7 37. Qd4+ Kc6 38. Qe4+ Kb6 39.
Qxe6+ Ka7 40. Qe3+ b6 41. Qe5 Rd7 42. d4 Bc6 43. Bg8 a5 44. d5 1-0

[Event "Kieler Open 2016-A"]
[Site "Kiel"]
[Date "2016.08.04"]
[Round "8.35"]
[White "Rosmait, Emily"]
[Black "Riha, Peter"]
[Result "1-0"]
[WhiteElo "1920"]
[BlackElo "1743"]
[PlyCount "69"]

1. e4 e5 2. Nf3 Nc6 3. Bb5 a6 4. Ba4 d6 5. c3 f5 6. exf5 Bxf5 7. O-O Bd3 8. Re1
Be7 9. Qb3 Rb8 10. Qd5 e4 11. Ng5 Bxg5 12. Qxd3 Nf6 13. Qg3 Bh6 14. f3 d5 15.
fxe4 dxe4 16. Bb3 Qd6 17. Qh3 Na5 18. Be6 Kd8 19. b3 Qb6+ 20. Kh1 Qf2 21. Rg1
Re8 22. Na3 Qb6 23. Bf5 e3 24. dxe3 Re7 25. e4 Bxc1 26. Raxc1 g6 27. Rcd1+ Ke8
28. e5 gxf5 29. exf6 Qxf6 30. Rd5 Nc6 31. Rxf5 Qg6 32. Rgf1 Qg7 33. Qf3 Rd8 34.
Rf8+ Kd7 35. Qf5+ 1-0

[Event "Kieler Open 2016-A"]
[Site "Kiel"]
[Date "2016.08.04"]
[Round "8.36"]
[White "Werner, René"]
[Black "Schmieder, Kerstin"]
[Result "0-1"]
[WhiteElo "1885"]
[BlackElo "1654"]
[PlyCount "74"]

1. c4 e6 2. d4 d5 3. Nf3 Nd7 4. e3 c5 5. Nc3 Ngf6 6. Be2 Be7 7. O-O O-O 8. b3
a6 9. Bb2 Qc7 10. Rc1 dxc4 11. bxc4 Bd6 12. d5 e5 13. e4 Nb6 14. Nd2 Qe7 15.
Rb1 Rb8 16. Bc1 Nfd7 17. a4 f5 18. exf5 Rxf5 19. Bd3 e4 20. Qg4 Qe5 21. f4 Qd4+
22. Kh1 Nf6 23. Qg3 exd3 24. Nd1 Nxc4 25. Nxc4 Qxc4 26. Ne3 Rxf4 27. Bb2 Rxf1+
28. Rxf1 Bxg3 29. Nxc4 Ne4 30. Kg1 Bc7 31. Rd1 b5 32. axb5 axb5 33. Ne5 c4 34.
Nc6 Bb6+ 35. Kf1 Bg4 36. Nxb8 Be2+ 37. Ke1 Bf2# 0-1

[Event "Kieler Open 2016-A"]
[Site "Kiel"]
[Date "2016.08.04"]
[Round "8.39"]
[White "Kertesz, Oliver"]
[Black "Rohmann, Volker"]
[Result "1/2-1/2"]
[WhiteElo "1700"]
[BlackElo "1820"]
[PlyCount "85"]

1. d4 d5 2. Bf4 Nf6 3. e3 e6 4. c3 c5 5. Nd2 Nc6 6. Ngf3 Be7 7. h3 O-O 8. Bd3
b6 9. O-O Bb7 10. a4 a6 11. Ne5 Nxe5 12. dxe5 Ne8 13. Qh5 g6 14. Qg4 Ng7 15.
Bh6 Qd7 16. Bxg7 Kxg7 17. h4 h5 18. Qh3 Rh8 19. f4 Rad8 20. Qg3 Kh6 21. Nf3
Rdg8 22. Ng5 Bd8 23. e4 dxe4 24. Bxe4 Bxe4 25. Nxe4 Be7 26. Rfd1 Qc7 27. Nd6
Bxd6 28. Rxd6 Rd8 29. Rad1 Rxd6 30. Rxd6 Re8 31. Qd3 Re7 32. Rd8 Kg7 33. Qd6
Qxd6 34. exd6 Rb7 35. d7 Kf6 36. Ra8 Rxd7 37. Rxa6 Rb7 38. Kf2 Kf5 39. Kf3 e5
40. fxe5 Kxe5 41. Ke3 f6 42. c4 Kf5 43. Kf3 1/2-1/2

[Event "Kieler Open 2016-A"]
[Site "Kiel"]
[Date "2016.08.04"]
[Round "8.40"]
[White "Keyser, Robin"]
[Black "Rommeck, Christiane"]
[Result "1/2-1/2"]
[WhiteElo "1925"]
[BlackElo "1558"]
[PlyCount "97"]

1. d4 Nf6 2. c4 d5 3. cxd5 Nxd5 4. e4 Nf6 5. Nc3 e6 6. Nf3 Nc6 7. Bb5 Bd7 8.
O-O Be7 9. Qe2 O-O 10. Bd3 Nb4 11. Bb1 c5 12. a3 cxd4 13. Nxd4 Nc6 14. Nf3 e5
15. Rd1 Qb8 16. h3 Be6 17. Ng5 Nd4 18. Qd3 Bb3 19. Re1 Rd8 20. Nd5 Qd6 21. Be3
h6 22. Bxd4 Bxd5 23. exd5 hxg5 24. Rxe5 Rac8 25. Ba2 Nd7 26. Re2 Nc5 27. Qe3
Rd7 28. Rc1 Rdc7 29. Rxc5 Rxc5 30. Bxc5 Rxc5 31. Qxe7 Rc1+ 32. Re1 Qxe7 33.
Rxc1 Qd7 34. Rd1 Kf8 35. d6 Ke8 36. Bd5 Kd8 37. Bf3 b6 38. Re1 f5 39. Bh5 Qa4
40. d7 g4 41. Be8 Qc4 42. hxg4 fxg4 43. g3 a5 44. b4 a4 45. Kh2 Qc3 46. Re3 Qc2
47. Kg2 Qc6+ 48. Kh2 b5 49. Re5 1/2-1/2

[Event "Kieler Open 2016-A"]
[Site "Kiel"]
[Date "2016.08.05"]
[Round "9.1"]
[White "Ernst, Thomas"]
[Black "Baramidze, David"]
[Result "0-1"]
[WhiteElo "2357"]
[BlackElo "2594"]
[PlyCount "148"]

1. e4 e5 2. Nf3 Nc6 3. Bb5 a6 4. Ba4 Nf6 5. O-O Be7 6. Re1 b5 7. Bb3 d6 8. c3
O-O 9. h3 Nb8 10. d4 Nbd7 11. Nbd2 Bb7 12. Bc2 Re8 13. Nf1 Bf8 14. Ng3 g6 15.
a4 c5 16. d5 c4 17. Bg5 h6 18. Be3 Nc5 19. Qd2 h5 20. Bg5 Be7 21. Ra3 Nfd7 22.
Be3 Qc7 23. Ng5 Nb6 24. axb5 axb5 25. Rxa8 Rxa8 26. Nxh5 gxh5 27. Qd1 Bxg5 28.
Bxg5 f5 29. Qxh5 Qh7 30. Bh6 Nbd7 31. exf5 Nf6 32. Qg5+ Kf7 33. Qg6+ Qxg6 34.
fxg6+ Kg8 35. Bf5 Nxd5 36. f4 exf4 37. h4 Ne3 38. Bh3 Bd5 39. Bxf4 Nd3 40. Rxe3
Nxf4 41. Re7 Nxh3+ 42. gxh3 Bf3 43. Kf2 Bh5 44. Rb7 Rf8+ 45. Ke3 Rf5 46. Rb6
Bxg6 47. Rxd6 Kg7 48. Rd2 Kh6 49. Kd4 Rh5 50. Rg2 Rxh4+ 51. Kc5 Rh5+ 52. Kb4
Re5 53. b3 cxb3 54. Kxb3 Bf7+ 55. Kb4 Bc4 56. Rg4 Kh5 57. Rg7 Kh4 58. Rh7+ Rh5
59. Rg7 Kxh3 60. Rg1 Kh4 61. Rg7 Rg5 62. Re7 Kg4 63. Re8 Kf4 64. Re1 Re5 65.
Rd1 Ke4 66. Re1+ Kd5 67. Rd1+ Kc6 68. Rh1 Re4 69. Rh6+ Be6+ 70. Ka3 Kc5 71.
Rh5+ Bd5 72. Kb2 Re2+ 73. Kb1 Kc4 74. Rh4+ Be4+ 0-1

[Event "Kieler Open 2016-A"]
[Site "Kiel"]
[Date "2016.08.05"]
[Round "9.2"]
[White "Braun, Arik"]
[Black "Thorgeirsson, Sverrir"]
[Result "1-0"]
[WhiteElo "2569"]
[BlackElo "2282"]
[PlyCount "89"]

1. d4 d5 2. c4 e6 3. Nc3 Nf6 4. cxd5 exd5 5. Bg5 Be7 6. e3 O-O 7. Bd3 Nbd7 8.
Qc2 c6 9. Nf3 Re8 10. h3 Nf8 11. Bf4 Ng6 12. Bh2 Bd6 13. Bxd6 Qxd6 14. O-O-O a5
15. Kb1 Be6 16. Rc1 Nd7 17. Ng5 Rf8 18. g4 h6 19. Nf3 Ne7 20. Nh4 g5 21. Ng2 f6
22. Qe2 Bf7 23. h4 Bg6 24. Bxg6 Nxg6 25. Qd3 Kg7 26. Ne2 Qe6 27. Ng3 Rh8 28. f3
Kf7 29. Rh3 h5 30. hxg5 hxg4 31. Nf4 Nxf4 32. Rh7+ Kg8 33. Rxh8+ Kxh8 34. exf4
Nf8 35. f5 Qd6 36. fxg4 fxg5 37. Qe3 Nh7 38. Re1 Kg8 39. Nh5 Kf8 40. a3 a4 41.
Qh3 Qd7 42. Re6 Kf7 43. Rh6 Nf8 44. Nf6 Qc7 45. Rh7+ 1-0

[Event "Kieler Open 2016-A"]
[Site "Kiel"]
[Date "2016.08.05"]
[Round "9.3"]
[White "Bente, Björn"]
[Black "Lanka, Zigurds"]
[Result "0-1"]
[WhiteElo "2228"]
[BlackElo "2450"]
[PlyCount "76"]

1. e4 c5 2. Nf3 e6 3. d4 cxd4 4. Nxd4 a6 5. Nc3 Qc7 6. g3 Bb4 7. Bd2 Nc6 8. a3
Be7 9. Nde2 Nf6 10. Bg2 d6 11. O-O Bd7 12. h3 Rc8 13. Be3 b5 14. g4 h6 15. f4
g5 16. Nd4 gxf4 17. Nxc6 Bxc6 18. Bxf4 Nd7 19. Qf3 Rh7 20. Bxh6 Ne5 21. Qf4 Kd7
22. Rad1 Ng6 23. Qe3 Rch8 24. Bg5 Bxg5 25. Qxg5 Qb6+ 26. Kh2 Kc7 27. Rxf7+ Rxf7
28. Qxg6 Rfh7 29. Rf1 Bd7 30. e5 Qc5 31. exd6+ Qxd6+ 32. Kg1 Qd4+ 33. Rf2 Rf8
34. Qxh7 Qxf2+ 35. Kh1 Qe1+ 36. Kh2 Qe5+ 37. Kh1 Rf2 38. Qe4 Rf1+ 0-1